Người Hmông

محفوظ في:
التفاصيل البيبلوغرافية
المؤلف الرئيسي: Chu Thái Sơn
مؤلفون آخرون: Trần Thị Thu Thủy
التنسيق: كتاب
اللغة:Vietnamese
منشور في: Trẻ 2005
الوسوم: إضافة وسم
لا توجد وسوم, كن أول من يضع وسما على هذه التسجيلة!
Thư viện lưu trữ: Mạng thư viện Đại học Đà Nẵng
LEADER 00673nam a2200265 4500
001 000021101
003 17548
005 20150403150441.0
008 150403s2005 viesd
020 |c 30000 
041 0 |a vie 
082 1 4 |a 307.0899592  |b CH-S 
100 1 |a Chu Thái Sơn 
245 1 0 |a Người Hmông  |c Chu Thái Sơn chủ biên, Trần Thị Thu Thủy 
260 |b Trẻ  |c 2005 
300 |a tr.  |c cm. 
700 1 |a Trần Thị Thu Thủy 
OWN |a LSP 
999 |a From the UDN01 
TYP |a Monograph 
TYP |a Printed language 
980 |a Mạng thư viện Đại học Đà Nẵng